Normal view
MARC view
Entry Personal Name
001 - CONTROL NUMBER
- control field: 561455
003 - CONTROL NUMBER IDENTIFIER
- control field: OSt
005 - DATE AND TIME OF LATEST TRANSACTION
- control field: 20220930192651.0
008 - FIXED-LENGTH DATA ELEMENTS
- fixed length control field: 220930|| aca||aabn | a|a d
040 ## - CATALOGING SOURCE
- Original cataloging agency: OSt
- Transcribing agency: OSt
100 ## - HEADING--PERSONAL NAME
- Personal name: Jaswal Jayant
670 ## - SOURCE DATA FOUND
- Source citation: Work cat.: (OSt)895456: Jaswal Jayant, Evaluation of effect of site and size of tympanic membrance perforation on hearing loss in audiometric study, 1992
